EU investment grants review
Gespeichert in:
| 1. Verfasser: | |
|---|---|
| Format: | Buch |
| Sprache: | Englisch |
| Veröffentlicht: |
Washington, D.C.
World Bank
1999
|
| Schriftenreihe: | World Bank technical paper
No. 435 |
| Schlagworte: | |
| Tags: |
Keine Tags, Fügen Sie das erste Tag hinzu!
|
MARC
| LEADER | 00000nam a2200000 4500 | ||
|---|---|---|---|
| 001 | 0021924 | ||
| 005 | 20221129100549.5 | ||
| 020 | |a 0-8213-4499-4 | ||
| 022 | |a 0253-7494 | ||
| 041 | 0 | |a eng | |
| 044 | |a US | ||
| 245 | 1 | 0 | |a EU investment grants review |c Iain Begg |
| 264 | 1 | |a Washington, D.C. |b World Bank |c 1999 | |
| 300 | |a 38 s. | ||
| 490 | 1 | |a World Bank technical paper |v No. 435 | |
| 830 | 0 | |a World Bank technical paper |v No. 435 | |
| 610 | 2 | 0 | |a Európska únia |
| 610 | 2 | 0 | |a granty |
| 610 | 2 | 0 | |a investície |
| 610 | 2 | 0 | |a fondy štruktúrne |
| 610 | 2 | 0 | |a fond kohézny |
| 610 | 2 | 0 | |a porovnanie medzinárodné |
| 610 | 2 | 0 | |a analýzy |
| 100 | 1 | |a Begg, Iain | |